000 00242nam a2200109Ia 4500
008 190216s9999||||xx |||||||||||||| ||und||
100 _aKhadar Ua
245 0 _aThrukkotur Peruma
260 _bNbs Kottayam
650 _aMalayalam
942 _cBK
999 _c26108
_d26108